| 000 | 00609cam a22002291 4500 | ||
|---|---|---|---|
| 001 | sa 67003755 | ||
| 003 | DLC | ||
| 005 | 20260227112340.0 | ||
| 008 | 890907s1964 ii 000 0 hino | ||
| 010 | _asa 67003755 | ||
| 035 | _a(OCoLC)20310873 | ||
| 040 |
_aDLC _cWaU _dDLC |
||
| 042 | _apremarc | ||
| 050 | 0 | 0 |
_aPK2098.P7 _bS55 1964 |
| 100 | 1 |
_aPrasad, Jai Shankar, _d1889-1937. |
|
| 245 | 1 | 0 | _aSkandagupta Vikramāditya. |
| 260 | _c[1964/65] | ||
| 300 |
_a149 p. _c19 cm. |
||
| 500 | _aIn Hindi. | ||
| 500 | _aA play. | ||
| 600 | 0 | 0 |
_aSkandagupta, _cEmperor of Northern India, _dactive 455-467 _vDrama. |
| 999 |
_c74040 _d74040 |
||